Statistics for Tanzania Country Quiz

Click here to take the quiz!

General Stats

  • This quiz has been taken 5,480 times
    (5,372 since last reset)
  • The average score is 19 of 24

Answer Stats

Hint Answer % Correct
Bordering countryKenya
94%
European country that colonized TanzaniaUnited Kingdom
93%
Highest mountainKilimanjaro
91%
Bordering countryUganda
90%
Bordering countryMozambique
90%
Bordering countryRwanda
89%
One of three biggest bordering lakesLake Victoria
87%
Bordering countryZambia
87%
European country that colonized TanzaniaGermany
86%
Bordering countryD.R. Congo
86%
One of three biggest bordering lakesLake Malawi
85%
Bordering countryBurundi
85%
Bordering countryMalawi
85%
Island that was briefly an independent countryZanzibar
85%
De facto official languageEnglish
84%
De facto official languageSwahili
82%
Most populous cityDar es Salaam
81%
Phrase that means "no worries" made
famous by a Disney movie
Hakuna Matata
80%
Capital cityDodoma
66%
Tribe whose life centers around cattle herdingMaasai
56%
Largest sector of the Tanzanian economyAgriculture
52%
Northern region, mostly grassland, that is famous
for its wildebeest migration
Serengeti
51%
Great Lake bordering TanzaiLake Tanganyika
44%
Historic language of ZanzibarArabic
42%

Score Distribution

Percentile by Number Answered

Percent of People with Each Score

Your Score History

You have not taken this quiz since the last reset